Movies Quiz

Random Movies or Director Quiz

Directed by and Starring Quiz Stats

 Plays Quiz Updated Jun 23, 2019

Score 0/40 Timer 06:00
1 Play Today
Film (Year) Director/Actor % Correct
Braveheart (1995)Mel Gibson
93%
Rocky IV (1985)Sylvester Stallone
88.3%
Unforgiven (1992)Clint Eastwood
85.4%
Dances with Wolves (1990)Kevin Costner
81.3%
Annie Hall (1977)Woody Allen
76.6%
Tropic Thunder (2008)Ben Stiller
73.5%
Bowling for Columbine (2002)Michael Moore
70.6%
Reservoir Dogs (1992)Quentin Tarantino
70.5%
Citizen Kane (1941)Orson Welles
69.7%
Do the Right Thing (1989)Spike Lee
64.4%
That Thing You Do! (1996)Tom Hanks
63.5%
Jay and Silent Bob Strike Back (2001)Kevin Smith
62.3%
Dick Tracy (1990)Warren Beatty
60%
Good Night, and Good Luck (2005)George Clooney
59.7%
Madea's Family Reunion (2006)Tyler Perry
59.4%
Sling Blade (1996)Billy Bob Thornton
55.7%
Modern Times (1936)Charlie Chaplin
54.1%
The Horse Whisperer (1998)Robert Redford
53.5%
A Bronx Tale (1993)Robert De Niro
48.8%
Silent Movie (1976)Mel Brooks
47.2%
Film (Year) Director/Actor % Correct
Antwone Fisher (2002)Denzel Washington
46.4%
The Legend of the Drunken Master (1994)Jackie Chan
46%
Hamlet (1948)Laurence Olivier
45.8%
Whip It (2009)Drew Barrymore
44.7%
Beyond the Sea (2004)Kevin Spacey
44.1%
Hamlet (1996)Kenneth Branagh
43.7%
Monty Python and the Holy Grail (1975)Terry Gilliam
40.2%
The Alamo (1960)John Wayne
38.9%
Little Man Tate (1991)Jodie Foster
37.8%
This Is Spinal Tap (1984)Rob Reiner
37.2%
Life is Beautiful (1997)Roberto Benigni
36.9%
Best in Show (2000)Christopher Guest
36.3%
Harlem Nights (1989)Eddie Murphy
33.9%
The Apostle (1997)Robert Duvall
30.5%
The General (1926)Buster Keaton
29.2%
Appaloosa (2008)Ed Harris
19.6%
Goin' South (1978)Jack Nicholson
15.3%
Haunted Honeymoon (1986)Gene Wilder
15.1%
Cadence (1990)Martin Sheen
8.7%
Slipstream (2007)Anthony Hopkins
5.1%

You're not logged in!

Compare scores with friends on all Sporcle quizzes.
OR
Log In

Sporcle TV

Today on Sporcle TV


Watch our educational content, quiz creation guides, and fun videos on Sporcle TV.

Show Comments

Extras

Top Quizzes Today


Score Distribution

Your Account Isn't Verified!

In order to create a playlist on Sporcle, you need to verify the email address you used during registration. Go to your Sporcle Settings to finish the process.

Report this User

Report this user for behavior that violates our Community Guidelines.

Details: